| 000 | 00362nam a22001217a 4500 | ||
|---|---|---|---|
| 008 | 230717b |||||||| |||| 00| 0 eng d | ||
| 040 |
_aNational Science Library _cNational Science Library |
||
| 080 | _aR 016:55 | ||
| 245 | _aBibliography and index of geology | ||
| 260 |
_aUS: _bAmerican Geological Institute, _c1970 |
||
| 300 | _a2107-3040p. | ||
| 942 |
_2udc _cBK |
||
| 999 |
_c65525 _d65525 |
||